LEADER 02920nam 2200709 450 001 9910794893403321 005 20230807202810.0 010 $a0-7190-9816-5 010 $a0-7190-9817-3 010 $a1-5261-0424-5 035 $a(CKB)4330000000005383 035 $a(SSID)ssj0001673578 035 $a(PQKBManifestationID)16471839 035 $a(PQKBTitleCode)TC0001673578 035 $a(PQKBWorkID)14330910 035 $a(PQKB)11274214 035 $a(StDuBDS)EDZ0001378500 035 $a(MiAaPQ)EBC4786594 035 $a(Au-PeEL)EBL4786594 035 $a(CaPaEBR)ebr11330784 035 $a(OCoLC)952979176 035 $a(DE-B1597)660654 035 $a(DE-B1597)9780719098178 035 $a(EXLCZ)994330000000005383 100 $a20170127h20152015 uy 0 101 0 $aeng 135 $aur||||||||||| 181 $ctxt 182 $cc 183 $acr 200 00$aSanctity as literature in late medieval Britain /$fedited by Eva von Contzen and Anke Bernau 210 1$aManchester, [England] :$cManchester University Press,$d2015. 210 4$d©2015 215 $a1 online resource 225 1 $aManchester Medieval Literature and Culture 300 $aBibliographic Level Mode of Issuance: Monograph 311 $a0-7190-8970-0 320 $aIncludes bibliographical references and index. 327 $tFront matter -- $tContents -- $tNotes on contributors -- $tAcknowledgements -- $tIntroduction -- $t1 St Margaret and the literary politics of Scottish sainthood -- $t2 Good knights and holy men -- $t3 Englishing the saints in Robert Mannyng's Handlyng Synne -- $t4 Modelling holiness -- $t5 Body and soul -- $t6 Chaucer and hagiographic authority -- $t7 Reading classical authors in Capgrave's Life of St Katherine -- $t8 Lydgate's saintly poetics -- $t9 Narrating vernacular sanctity -- $t10 Reforming sanctity -- $t11 The humanist grammar of sanctity in the early Lives of Thomas More -- $t12 Afterword -- $tBibliography -- $tIndex 330 8 $aThis title explores how sanctity and questions of literariness are intertwined across a range of medieval genres. 410 0$aManchester medieval literature and culture. 606 $aEnglish literature$yMiddle English, 1100-1500$xHistory and criticism 606 $aSaints in literature 606 $aReligion in literature 610 $aBritish Isles. 610 $aSanctity. 610 $aliterariness. 610 $amedieval literature. 610 $apoetics. 615 0$aEnglish literature$xHistory and criticism. 615 0$aSaints in literature. 615 0$aReligion in literature. 676 $a820.9/382/0902 702 $aContzen$b Eva von 702 $aBernau$b Anke 801 0$bMiAaPQ 801 1$bMiAaPQ 801 2$bMiAaPQ 906 $aBOOK 912 $a9910794893403321 996 $aSanctity as literature in late medieval Britain$93822907 997 $aUNINA LEADER 03441nam 22007695 450 001 9910483606303321 005 20251225205333.0 010 $a3-319-60134-2 024 7 $a10.1007/978-3-319-60134-2 035 $a(CKB)4340000000061576 035 $a(DE-He213)978-3-319-60134-2 035 $a(MiAaPQ)EBC6305053 035 $a(MiAaPQ)EBC5592672 035 $a(Au-PeEL)EBL5592672 035 $a(OCoLC)992166556 035 $a(PPN)202990877 035 $a(EXLCZ)994340000000061576 100 $a20170527d2017 u| 0 101 0 $aeng 135 $aurnn#008mamaa 181 $ctxt$2rdacontent 182 $cc$2rdamedia 183 $acr$2rdacarrier 200 10$aImplementation and Application of Automata $e22nd International Conference, CIAA 2017, Marne-la-Vallée, France, June 27-30, 2017, Proceedings /$fedited by Arnaud Carayol, Cyril Nicaud 205 $a1st ed. 2017. 210 1$aCham :$cSpringer International Publishing :$cImprint: Springer,$d2017. 215 $a1 online resource (XX, 213 p. 32 illus.) 225 1 $aTheoretical Computer Science and General Issues,$x2512-2029 ;$v10329 311 08$a3-319-60133-4 320 $aIncludes bibliographical references and index. 327 $aState complexity of automata -- Implementations of automata and experiments -- Enhanced regular expressions -- Complexity analysis. 330 $aThis book constitutes the refereed proceedings of the 22nd International Conference on Implementation and Application of Automata, CIAA 2017,held in Marne-la-Vallée, France, in June 2017. The 17 revised full papers presented were carefully reviewed and selected from 31 submissions. The topics of the presented papers include state complexity of automata; implementations of automata and experiments; enhanced regular expressions; and complexity analysis. 410 0$aTheoretical Computer Science and General Issues,$x2512-2029 ;$v10329 606 $aComputer science 606 $aMachine theory 606 $aArtificial intelligence$xData processing 606 $aInformation storage and retrieval systems 606 $aNatural language processing (Computer science) 606 $aSoftware engineering 606 $aComputer Science Logic and Foundations of Programming 606 $aFormal Languages and Automata Theory 606 $aData Science 606 $aInformation Storage and Retrieval 606 $aNatural Language Processing (NLP) 606 $aSoftware Engineering 615 0$aComputer science. 615 0$aMachine theory. 615 0$aArtificial intelligence$xData processing. 615 0$aInformation storage and retrieval systems. 615 0$aNatural language processing (Computer science) 615 0$aSoftware engineering. 615 14$aComputer Science Logic and Foundations of Programming. 615 24$aFormal Languages and Automata Theory. 615 24$aData Science. 615 24$aInformation Storage and Retrieval. 615 24$aNatural Language Processing (NLP). 615 24$aSoftware Engineering. 676 $a511.3 702 $aCarayol$b Arnaud$4edt$4http://id.loc.gov/vocabulary/relators/edt 702 $aNicaud$b Cyril$4edt$4http://id.loc.gov/vocabulary/relators/edt 801 0$bMiAaPQ 801 1$bMiAaPQ 801 2$bMiAaPQ 906 $aBOOK 912 $a9910483606303321 996 $aImplementation and Application of Automata$93552118 997 $aUNINA